[Event "Edmonton int."]
[Site "Edmonton CAN"]
[Date "2009.12.17"]
[Round "1"]
[White "MacKinnon, Keith"]
[Black "Mikhalevski, Victor"]
[Result "0-1"]
[WhiteElo "2125"]
[BlackElo "2607"]
[PlyCount "162"]
[GameId "2160767910029992"]
[EventDate "2009.12.17"]
[EventType "tourn"]
[EventRounds "9"]
[EventCountry "CAN"]
[EventCategory "7"]
[SourceTitle "The Week in Chess 789"]
[Source "Mark Crowther"]
[SourceDate "2009.12.21"]
[SourceVersion "1"]
[SourceVersionDate "2009.12.21"]
[SourceQuality "2"]

1. e4 e5 2. Nf3 Nc6 3. Bb5 Nf6 4. Qe2 a6 5. Ba4 Be7 6. c3 b5 7. Bb3 O-O 8. d4 d6 9. h3 Re8 10. Ng5 Rf8 11. Nf3 Bb7 12. O-O Nd7 13. Rd1 Bf6 14. Be3 Na5 15. Bc2 Nc4 16. Nbd2 Nxe3 17. Qxe3 c5 18. dxe5 dxe5 19. Nf1 Qc7 20. Qe2 Be7 21. Ne3 Nf6 22. Nf5 Rfe8 23. Nxe7+ Rxe7 24. Rd2 c4 25. Rad1 Rae8 26. Nh2 Nd7 27. Ng4 Nc5 28. Qf3 Re6 29. b4 cxb3 30. axb3 R6e7 31. Ne3 Rd7 32. Qg4 Bc8 33. Nf5 g6 34. Nh6+ Kg7 35. Nf5+ Kg8 36. Nh6+ Kg7 37. Nf5+ Kh8 38. Qg5 Qd8 39. Qxd8 Rexd8 40. Nd6 Kg8 41. Rd5 Rc7 42. Nxb5 Rxd5 43. Nxc7 Rxd1+ 44. Bxd1 Nxe4 45. Be2 a5 46. c4 Nc5 47. Bd1 Bb7 48. Nb5 Kf8 49. Nc3 Ke7 50. Kf1 Bc6 51. g3 Kd6 52. Ke2 f5 53. Bc2 Ne6 54. Na2 Nd4+ 55. Kd2 Nf3+ 56. Ke3 Kc5 57. Bd1 Nd4 58. Nc1 Be4 59. Na2 g5 60. Kd2 f4 61. Kc3 Bf5 62. b4+ axb4+ 63. Nxb4 Bxh3 64. Nd3+ Kd6 65. gxf4 gxf4 66. Nxf4 Bf5 67. Nh5 Ne6 68. Ng3 Bb1 69. Kb2 Bd3 70. Kc3 Nc5 71. Bf3 Bg6 72. Kd2 Bf7 73. Ke3 Ne6 74. Bd5 Bg6 75. Ne4+ Ke7 76. Bxe6 Kxe6 77. c5 Kd5 78. Nf6+ Ke6 79. c6 Kxf6 80. f4 exf4+ 81. Kxf4 Ke6 0-1

[Event "Edmonton int."]
[Site "Edmonton CAN"]
[Date "2009.12.18"]
[Round "2"]
[White "Antal, Gergely"]
[Black "MacKinnon, Keith"]
[Result "1-0"]
[WhiteElo "2495"]
[BlackElo "2125"]
[PlyCount "109"]
[GameId "2160767910029994"]
[EventDate "2009.12.17"]
[EventType "tourn"]
[EventRounds "9"]
[EventCountry "CAN"]
[EventCategory "7"]
[SourceTitle "The Week in Chess 789"]
[Source "Mark Crowther"]
[SourceDate "2009.12.21"]
[SourceVersion "1"]
[SourceVersionDate "2009.12.21"]
[SourceQuality "2"]

1. e4 c5 2. Nf3 d6 3. Bb5+ Nd7 4. d4 Ngf6 5. Nc3 cxd4 6. Qxd4 e5 7. Qd3 h6 8. Nd2 Be7 9. Nc4 O-O 10. Bxd7 Bxd7 11. O-O Be6 12. Ne3 Rc8 13. Bd2 a6 14. a4 Qc7 15. Rfd1 Rfd8 16. Be1 Bc4 17. Qd2 Qc6 18. f3 Rd7 19. Bf2 Be6 20. a5 Bd8 21. Ra3 b5 22. axb6 Bxb6 23. Rxa6 Qb7 24. Rxb6 Qxb6 25. Nc4 Qb4 26. Nb6 Rc6 27. Nxd7 Bxd7 28. Qc1 Qc4 29. Rd3 Be6 30. Qd2 Qa6 31. Qd1 Qb7 32. Qc1 Qa6 33. Be3 Qc4 34. h3 Ra6 35. Rd1 Qb4 36. Kh2 Ra8 37. Rd3 Bc4 38. Rd2 Rb8 39. Nd1 Be6 40. Rd3 Bc4 41. Bd2 Qb6 42. Rc3 Qb5 43. b3 Be6 44. Ne3 d5 45. exd5 Nxd5 46. Nxd5 Qxd5 47. Be3 e4 48. f4 Ra8 49. Rc5 Qd6 50. b4 Ra2 51. b5 g5 52. b6 Ra4 53. Qd2 Qxd2 54. Bxd2 Ra8 55. fxg5 1-0

[Event "Edmonton int."]
[Site "Edmonton CAN"]
[Date "2009.12.18"]
[Round "2"]
[White "Friedel, Joshua E"]
[Black "Haessel, Dale"]
[Result "1-0"]
[WhiteElo "2551"]
[BlackElo "2201"]
[PlyCount "73"]
[GameId "2160767910029995"]
[EventDate "2009.12.17"]
[EventType "tourn"]
[EventRounds "9"]
[EventCountry "CAN"]
[EventCategory "7"]
[SourceTitle "CBM 133 Extra"]
[Source "ChessBase"]
[SourceDate "2010.01.05"]
[SourceVersion "1"]
[SourceVersionDate "2010.01.05"]
[SourceQuality "1"]

1. c4 Nf6 2. Nc3 c5 3. g3 d5 4. cxd5 Nxd5 5. Bg2 Nc7 6. Qa4+ Qd7 7. Nf3 Qxa4 8. Nxa4 Nd7 9. d4 cxd4 10. Nxd4 e5 11. Nb3 Bb4+ 12. Bd2 Bxd2+ 13. Kxd2 Ke7 14. Rhc1 Ne6 15. Nac5 Ndxc5 16. Nxc5 Rd8+ 17. Ke1 Rb8 18. Rc3 f6 19. Nd3 Nd4 20. Rc7+ Rd7 21. Rac1 Kd8 22. R7c3 Rd6 23. Nc5 Ne6 24. Ne4 Ra6 25. Bh3 Bd7 26. Rd1 Ke7 27. Rc7 Nxc7 28. Rxd7+ Kf8 29. Rxc7 Rxa2 30. Nc5 Ra1+ 31. Kd2 Kg8 32. Ne6 g6 33. Bg2 Rb1 34. Bd5 Rxb2+ 35. Kc3 Rb6 36. Nc5+ Kh8 37. Nd7 1-0

[Event "Edmonton int."]
[Site "Edmonton CAN"]
[Date "2009.12.18"]
[Round "3"]
[White "Haessel, Dale"]
[Black "Mikhalevski, Victor"]
[Result "0-1"]
[WhiteElo "2201"]
[BlackElo "2607"]
[PlyCount "86"]
[GameId "2160767910030000"]
[EventDate "2009.12.17"]
[EventType "tourn"]
[EventRounds "9"]
[EventCountry "CAN"]
[EventCategory "7"]
[SourceTitle "CBM 133 Extra"]
[Source "ChessBase"]
[SourceDate "2010.01.05"]
[SourceVersion "1"]
[SourceVersionDate "2010.01.05"]
[SourceQuality "1"]

1. d4 Nf6 2. c4 e6 3. g3 Bb4+ 4. Bd2 Be7 5. Bg2 d5 6. Qc2 O-O 7. Nf3 c6 8. O-O b6 9. Bf4 Ba6 10. Nbd2 Nh5 11. Bxb8 Qxb8 12. Ne5 Qb7 13. Rfc1 Rac8 14. Nd3 c5 15. dxc5 bxc5 16. e4 dxe4 17. Nxe4 Qb8 18. Qa4 Bb7 19. Qb5 Bxe4 20. Qxb8 Rxb8 21. Bxe4 Nf6 22. Bf3 Nd7 23. Rc2 Rb6 24. Rd1 a5 25. b3 Rd6 26. Kg2 Rd8 27. Rcc1 Rd4 28. Be2 e5 29. f3 f5 30. g4 g6 31. Nf2 Kf7 32. gxf5 gxf5 33. Bd3 Bg5 34. Rb1 Kf6 35. Bc2 Rg8 36. Kf1 Bf4 37. h3 Rg3 38. Ke2 Nf8 39. Bd3 Ne6 40. Rg1 Rd8 41. Rxg3 Bxg3 42. Nh1 Nf4+ 43. Kf1 Rxd3 0-1

[Event "Edmonton int."]
[Site "Edmonton CAN"]
[Date "2009.12.18"]
[Round "3"]
[White "Kraai, Jesse"]
[Black "Antal, Gergely"]
[Result "1/2-1/2"]
[WhiteElo "2509"]
[BlackElo "2495"]
[PlyCount "74"]
[GameId "2160767910030002"]
[EventDate "2009.12.17"]
[EventType "tourn"]
[EventRounds "9"]
[EventCountry "CAN"]
[EventCategory "7"]
[SourceTitle "The Week in Chess 789"]
[Source "Mark Crowther"]
[SourceDate "2009.12.21"]
[SourceVersion "1"]
[SourceVersionDate "2009.12.21"]
[SourceQuality "2"]

1. Nf3 Nf6 2. c4 g6 3. Nc3 d5 4. cxd5 Nxd5 5. e4 Nxc3 6. dxc3 Qxd1+ 7. Kxd1 f6 8. Be3 e5 9. Bc4 Nd7 10. Kc2 Bc5 11. Bxc5 Nxc5 12. Nd2 Be6 13. f3 Ke7 14. b4 Bxc4 15. Nxc4 Ne6 16. Rhd1 Rhd8 17. Na5 Rxd1 18. Rxd1 Nd8 19. h4 Rc8 20. h5 c6 21. hxg6 hxg6 22. Rh1 b6 23. Nc4 Nf7 24. Rh7 Rh8 25. Rg7 Rh6 26. Rg8 Rh8 27. Rxg6 Rh7 28. Ne3 Nd6 29. Ng4 Ne8 30. Rh6 Rg7 31. Kb3 Ke6 32. Rh8 Nd6 33. Rf8 Nxe4 34. Re8+ Kd7 35. Ra8 Ke6 36. Re8+ Kd7 37. Ra8 Ke6 1/2-1/2

[Event "Edmonton int."]
[Site "Edmonton CAN"]
[Date "2009.12.18"]
[Round "3"]
[White "MacKinnon, Keith"]
[Black "Pechenkin, Vladimir"]
[Result "1/2-1/2"]
[WhiteElo "2125"]
[BlackElo "2372"]
[PlyCount "105"]
[GameId "2160767910030003"]
[EventDate "2009.12.17"]
[EventType "tourn"]
[EventRounds "9"]
[EventCountry "CAN"]
[EventCategory "7"]
[SourceTitle "The Week in Chess 789"]
[Source "Mark Crowther"]
[SourceDate "2009.12.21"]
[SourceVersion "1"]
[SourceVersionDate "2009.12.21"]
[SourceQuality "2"]

1. e4 Nf6 2. e5 Nd5 3. d4 d6 4. Nf3 dxe5 5. Nxe5 c6 6. Bd3 Nd7 7. O-O g6 8. Nxd7 Bxd7 9. Re1 Bg7 10. c3 O-O 11. Nd2 Re8 12. Nf3 Qc8 13. Ne5 Be6 14. Bd2 f6 15. Nf3 Bf7 16. Qc2 Qd7 17. Rad1 Rac8 18. c4 Nc7 19. Bf4 a6 20. Bg3 b5 21. b3 Red8 22. Be4 Ne8 23. Qe2 Nd6 24. Ne5 fxe5 25. dxe5 Qe6 26. exd6 exd6 27. Qf3 bxc4 28. Bxc6 Qf6 29. bxc4 Qxf3 30. Bxf3 Rxc4 31. Bxd6 Rd4 32. Bc7 Rxd1 33. Rxd1 Rxd1+ 34. Bxd1 Bxa2 35. Be2 Bd5 36. Bxa6 Bd4 37. Bd3 Kf7 38. Bf4 Kf6 39. Be3 Bc3 40. f3 Be6 41. Kf2 Be5 42. g3 h5 43. f4 Bc3 44. Be4 Bb3 45. Bb6 Be6 46. Ke3 Bg4 47. Bg2 Bf5 48. Bd4+ Bxd4+ 49. Kxd4 g5 50. h4 gxf4 51. gxf4 Bd7 52. Bf3 Be8 53. Ke4 1/2-1/2

[Event "Edmonton int."]
[Site "Edmonton CAN"]
[Date "2009.12.19"]
[Round "4"]
[White "Antal, Gergely"]
[Black "Haessel, Dale"]
[Result "1/2-1/2"]
[WhiteElo "2495"]
[BlackElo "2201"]
[PlyCount "70"]
[GameId "2160767910030004"]
[EventDate "2009.12.17"]
[EventType "tourn"]
[EventRounds "9"]
[EventCountry "CAN"]
[EventCategory "7"]
[SourceTitle "CBM 133 Extra"]
[Source "ChessBase"]
[SourceDate "2010.01.05"]
[SourceVersion "1"]
[SourceVersionDate "2010.01.05"]
[SourceQuality "1"]

1. e4 e5 2. Nf3 Nf6 3. Nc3 Bb4 4. g3 O-O 5. Bg2 Bxc3 6. dxc3 Nxe4 7. O-O Re8 8. Re1 d5 9. c4 c6 10. cxd5 cxd5 11. Nxe5 Bf5 12. Nf3 Nc6 13. Be3 Qa5 14. c3 Rad8 15. Qb3 Nc5 16. Bxc5 Qxc5 17. Qxb7 h6 18. Qc7 Be4 19. Qf4 Qb6 20. Qd2 a5 21. b3 Re6 22. Rac1 a4 23. bxa4 Qa7 24. Nd4 Nxd4 25. cxd4 Qxa4 26. Rc7 Ra8 27. Bxe4 Rxe4 28. Rxe4 dxe4 29. Qf4 Qxa2 30. Qxe4 Rd8 31. Re7 Kf8 32. h4 Qa3 33. Rb7 Kg8 34. Rb1 Qa4 35. Re1 Qxd4 1/2-1/2

[Event "Edmonton int."]
[Site "Edmonton CAN"]
[Date "2009.12.19"]
[Round "4"]
[White "Pechenkin, Vladimir"]
[Black "Kraai, Jesse"]
[Result "0-1"]
[WhiteElo "2372"]
[BlackElo "2509"]
[PlyCount "72"]
[GameId "2160767910030007"]
[EventDate "2009.12.17"]
[EventType "tourn"]
[EventRounds "9"]
[EventCountry "CAN"]
[EventCategory "7"]
[SourceTitle "The Week in Chess 789"]
[Source "Mark Crowther"]
[SourceDate "2009.12.21"]
[SourceVersion "1"]
[SourceVersionDate "2009.12.21"]
[SourceQuality "2"]

1. f4 d5 2. Nf3 g6 3. e3 Bg7 4. Be2 Nf6 5. O-O O-O 6. d3 Nc6 7. c3 Qd6 8. b4 Bg4 9. b5 Na5 10. a4 c5 11. bxc6 bxc6 12. h3 Bxf3 13. Bxf3 Rfb8 14. Ba3 Qc7 15. Nd2 e5 16. Kh1 Re8 17. Qc2 Rad8 18. fxe5 Qxe5 19. Bc5 Nb7 20. Bxa7 c5 21. e4 Qg3 22. Rfe1 dxe4 23. Bxe4 Nh5 24. Nf1 Qh4 25. Bb6 Rc8 26. Re3 Nd6 27. a5 c4 28. Rae1 cxd3 29. Qxd3 Nc4 30. Bb7 Nxe3 31. Rxe3 Rxe3 32. Qxe3 Rxc3 33. Qe8+ Bf8 34. Kg1 Rc1 35. Qe3 Qc4 36. Qf2 Ng3 0-1

[Event "Edmonton int."]
[Site "Edmonton CAN"]
[Date "2009.12.19"]
[Round "5"]
[White "Esserman, Mark"]
[Black "Friedel, Joshua E"]
[Result "1/2-1/2"]
[WhiteElo "2408"]
[BlackElo "2551"]
[PlyCount "92"]
[GameId "2160767910030009"]
[EventDate "2009.12.17"]
[EventType "tourn"]
[EventRounds "9"]
[EventCountry "CAN"]
[EventCategory "7"]
[SourceTitle "CBM 133 Extra"]
[Source "ChessBase"]
[SourceDate "2010.01.05"]
[SourceVersion "1"]
[SourceVersionDate "2010.01.05"]
[SourceQuality "1"]

1. e4 e5 2. Nf3 Nc6 3. Bb5 a6 4. Ba4 Nf6 5. O-O Be7 6. Re1 d6 7. Bxc6+ bxc6 8. d4 exd4 9. Nxd4 Bd7 10. Nc3 O-O 11. Qf3 Re8 12. h3 c5 13. Nde2 Bc6 14. Nf4 Bf8 15. Bd2 Rb8 16. b3 Nxe4 17. Nxe4 Rxe4 18. Rxe4 f5 19. Nd5 fxe4 20. Qxe4 Qe8 21. Qd3 Qe5 22. Nc3 Qd4 23. Qxd4 cxd4 24. Ne2 Be4 25. Nxd4 c5 26. Re1 Bg6 27. Nc6 Rc8 28. Ne7+ Bxe7 29. Rxe7 c4 30. c3 cxb3 31. axb3 Bf7 32. b4 h6 33. Rd7 Rc6 34. Kf1 Bc4+ 35. Ke1 d5 36. Be3 Rf6 37. Kd2 Rf7 38. Rd6 Re7 39. g3 Rf7 40. Kc2 Re7 41. Kb2 Kf7 42. Rc6 Re6 43. Rc7+ Re7 44. Rc5 g5 45. Ka3 Re6 46. Rc8 Re8 1/2-1/2

[Event "Edmonton int."]
[Site "Edmonton CAN"]
[Date "2009.12.19"]
[Round "5"]
[White "Haessel, Dale"]
[Black "Pechenkin, Vladimir"]
[Result "1/2-1/2"]
[WhiteElo "2201"]
[BlackElo "2372"]
[PlyCount "61"]
[GameId "2160767910030010"]
[EventDate "2009.12.17"]
[EventType "tourn"]
[EventRounds "9"]
[EventCountry "CAN"]
[EventCategory "7"]
[SourceTitle "CBM 133 Extra"]
[Source "ChessBase"]
[SourceDate "2010.01.05"]
[SourceVersion "1"]
[SourceVersionDate "2010.01.05"]
[SourceQuality "1"]

1. d4 f5 2. c4 Nf6 3. g3 e6 4. Bg2 Bb4+ 5. Nd2 a5 6. Ngf3 b6 7. Ne5 Ra7 8. O-O Bb7 9. f3 O-O 10. Nd3 Bxd2 11. Bxd2 d6 12. Bc3 Qe7 13. Re1 Nbd7 14. e4 fxe4 15. fxe4 e5 16. d5 Ba6 17. b3 Rfa8 18. a4 Kh8 19. Bd2 Bc8 20. Rf1 h6 21. Qf3 Nh7 22. h3 Ndf6 23. g4 Bd7 24. Nf2 Rf8 25. Qe2 Ng8 26. Nh1 Raa8 27. Ng3 g6 28. Be3 Kg7 29. Qd2 Qh4 30. Nh1 Ng5 31. Bxg5 1/2-1/2

[Event "Edmonton int."]
[Site "Edmonton CAN"]
[Date "2009.12.19"]
[Round "5"]
[White "Mikhalevski, Victor"]
[Black "Antal, Gergely"]
[Result "1/2-1/2"]
[WhiteElo "2607"]
[BlackElo "2495"]
[PlyCount "109"]
[GameId "2160767910030013"]
[EventDate "2009.12.17"]
[EventType "tourn"]
[EventRounds "9"]
[EventCountry "CAN"]
[EventCategory "7"]
[SourceTitle "The Week in Chess 789"]
[Source "Mark Crowther"]
[SourceDate "2009.12.21"]
[SourceVersion "1"]
[SourceVersionDate "2009.12.21"]
[SourceQuality "2"]

1. Nf3 Nf6 2. c4 g6 3. Nc3 d5 4. cxd5 Nxd5 5. Qb3 Nb6 6. d4 Bg7 7. Bf4 Be6 8. Qa3 Nc6 9. e3 O-O 10. Be2 a5 11. O-O Nb4 12. Rfc1 Nc4 13. Bxc4 Bxc4 14. Na4 b5 15. Nc5 Re8 16. Ne5 Bxe5 17. Bxe5 Nc6 18. Bg3 a4 19. Qc3 e5 20. dxe5 Qd5 21. Nxa4 Rxa4 22. b3 Ra3 23. bxc4 Qc5 24. Qb2 b4 25. e6 Rxe6 26. Bxc7 Re4 27. Qc2 Re7 28. Bf4 Rc3 29. Qe2 Re4 30. Rd1 Qxc4 31. Qf3 Nd4 32. Rxd4 Qxd4 33. exd4 Rxf3 34. gxf3 Rxf4 35. Rd1 Rxf3 36. d5 Kf8 37. d6 Ke8 38. Rd4 Ra3 39. Rxb4 Rxa2 40. Re4+ Kd7 41. Re7+ Kxd6 42. Rxf7 Ke6 43. Rxh7 g5 44. Kg2 Ra3 45. Rh3 Ra4 46. Rf3 Rb4 47. h3 Ra4 48. Kg3 Rb4 49. Rf8 Ra4 50. f3 Rb4 51. Ra8 Kf5 52. Ra6 Rc4 53. Ra5+ Kf6 54. Rb5 Ra4 55. Rc5 1/2-1/2

[Event "Edmonton int."]
[Site "Edmonton CAN"]
[Date "2009.12.20"]
[Round "6"]
[White "Friedel, Joshua E"]
[Black "Antal, Gergely"]
[Result "1/2-1/2"]
[WhiteElo "2551"]
[BlackElo "2495"]
[PlyCount "122"]
[GameId "2160767910030015"]
[EventDate "2009.12.17"]
[EventType "tourn"]
[EventRounds "9"]
[EventCountry "CAN"]
[EventCategory "7"]
[SourceTitle "CBM 133 Extra"]
[Source "ChessBase"]
[SourceDate "2010.01.05"]
[SourceVersion "1"]
[SourceVersionDate "2010.01.05"]
[SourceQuality "1"]

1. e4 c6 2. d4 d5 3. e5 Bf5 4. Nd2 e6 5. Nb3 c5 6. dxc5 Bxc5 7. Nxc5 Qa5+ 8. c3 Qxc5 9. Nf3 Qc7 10. Bb5+ Nc6 11. Be3 Bg4 12. Qa4 Bxf3 13. gxf3 Nge7 14. f4 O-O 15. O-O-O Rfc8 16. Kb1 Nf5 17. Bd3 Nce7 18. c4 Nxe3 19. fxe3 dxc4 20. Bxc4 Qc5 21. Qb3 Rc7 22. Bd3 Rac8 23. Be4 g6 24. a3 Nf5 25. Bxf5 exf5 26. h4 Qc2+ 27. Qxc2 Rxc2 28. h5 R2c7 29. Rd6 Kf8 30. Rf6 Ke7 31. hxg6 hxg6 32. Rh7 Rc1+ 33. Ka2 Rf8 34. Rxg6 Re1 35. Rf6 Rxe3 36. Rxf5 Re1 37. Rf6 Rc1 38. b4 Rc3 39. Kb2 Re3 40. a4 Rf3 41. a5 Rd3 42. a6 bxa6 43. Rxa6 Rf3 44. Rhh6 Ra8 45. Rhf6 Ke8 46. Rh6 Ke7 47. b5 Rxf4 48. b6 Rb4+ 49. Kc3 Rb1 50. bxa7 Rb7 51. Rae6+ Kd7 52. Rd6+ Ke7 53. Rde6+ Kd7 54. Ref6 Rc7+ 55. Kd4 Raxa7 56. Rxf7+ Ke8 57. Rxc7 Rxc7 58. Rh8+ Ke7 59. Rh7+ Kd8 60. Rh8+ Ke7 61. Rh7+ Kd8 1/2-1/2

[Event "Edmonton int."]
[Site "Edmonton CAN"]
[Date "2009.12.20"]
[Round "6"]
[White "Pechenkin, Vladimir"]
[Black "Mikhalevski, Victor"]
[Result "0-1"]
[WhiteElo "2372"]
[BlackElo "2607"]
[PlyCount "128"]
[GameId "2160767910030017"]
[EventDate "2009.12.17"]
[EventType "tourn"]
[EventRounds "9"]
[EventCountry "CAN"]
[EventCategory "7"]
[SourceTitle "The Week in Chess 789"]
[Source "Mark Crowther"]
[SourceDate "2009.12.21"]
[SourceVersion "1"]
[SourceVersionDate "2009.12.21"]
[SourceQuality "2"]

1. f4 d5 2. Nf3 g6 3. e3 Bg7 4. Be2 Nd7 5. O-O e5 6. d4 exf4 7. exf4 Ne7 8. Ne5 Nf6 9. Nd2 O-O 10. Ndf3 Ne4 11. a4 a5 12. Ra3 c6 13. Bd2 b6 14. Be1 f6 15. Nd3 Nf5 16. Nf2 Re8 17. g4 Nfd6 18. Nd2 Nxd2 19. Bxd2 f5 20. c3 Nc4 21. Ra2 Qe7 22. Bxc4 dxc4 23. Re1 Be6 24. g5 Qd7 25. Be3 Qd5 26. Ra1 Bc8 27. Qe2 Bb7 28. Qf1 c5 29. dxc5 Qf3 30. Qh3 Qc6 31. cxb6 Re6 32. Kf1 Rae8 33. Qg3 h6 34. h4 Kf7 35. Rad1 h5 36. Bd4 Bxd4 37. cxd4 Qg2+ 38. Qxg2 Bxg2+ 39. Kxg2 Rxe1 40. d5 Rxd1 41. Nxd1 Ke7 42. Ne3 Rc8 43. b7 Rb8 44. Nxc4 Rxb7 45. Kf3 Rb4 46. Nxa5 Kd6 47. b3 Kxd5 48. Ke3 Kc5 49. Kf3 Rb8 50. Ke3 Rb6 51. Kd3 Re6 52. Nc4 Re4 53. Ne5 Rxf4 54. Nxg6 Re4 55. a5 Kc6 56. b4 Kb5 57. Kd2 f4 58. Kd3 f3 59. Kxe4 f2 60. Nf4 f1=Q 61. g6 Qh1+ 62. Kf5 Qxh4 63. Ne6 Qe7 64. Nd4+ Kc4 0-1

[Event "Edmonton int."]
[Site "Edmonton CAN"]
[Date "2009.12.20"]
[Round "7"]
[White "Antal, Gergely"]
[Black "Pechenkin, Vladimir"]
[Result "1-0"]
[WhiteElo "2495"]
[BlackElo "2372"]
[PlyCount "59"]
[GameId "2160767910030019"]
[EventDate "2009.12.17"]
[EventType "tourn"]
[EventRounds "9"]
[EventCountry "CAN"]
[EventCategory "7"]
[SourceTitle "The Week in Chess 789"]
[Source "Mark Crowther"]
[SourceDate "2009.12.21"]
[SourceVersion "1"]
[SourceVersionDate "2009.12.21"]
[SourceQuality "2"]

1. e4 Nf6 2. e5 Nd5 3. d4 d6 4. c4 Nb6 5. exd6 cxd6 6. Nc3 g6 7. Be3 Bg7 8. Rc1 O-O 9. b3 e5 10. dxe5 dxe5 11. c5 N6d7 12. Bc4 Qa5 13. Nge2 Nc6 14. a3 Nd4 15. O-O Qxc5 16. Nb5 Qe7 17. Nexd4 exd4 18. Bxd4 Bxd4 19. Qxd4 Qe5 20. Qh4 Nb6 21. Rfe1 Qb2 22. Rb1 Qg7 23. Nc7 Bf5 24. Nxa8 Nxc4 25. Ra1 Ne5 26. Nc7 Nd3 27. Ne8 Qc3 28. Qf6 Qxf6 29. Nxf6+ Kg7 30. Ne8+ 1-0

[Event "Edmonton int."]
[Site "Edmonton CAN"]
[Date "2009.12.20"]
[Round "7"]
[White "MacKinnon, Keith"]
[Black "Friedel, Joshua E"]
[Result "0-1"]
[WhiteElo "2125"]
[BlackElo "2551"]
[PlyCount "40"]
[GameId "2160767910030022"]
[EventDate "2009.12.17"]
[EventType "tourn"]
[EventRounds "9"]
[EventCountry "CAN"]
[EventCategory "7"]
[SourceTitle "CBM 133 Extra"]
[Source "ChessBase"]
[SourceDate "2010.01.05"]
[SourceVersion "1"]
[SourceVersionDate "2010.01.05"]
[SourceQuality "1"]

1. e4 e5 2. Nf3 Nc6 3. Bc4 Nf6 4. Ng5 d5 5. exd5 b5 6. Bf1 Nd4 7. c3 Nxd5 8. cxd4 Qxg5 9. Bxb5+ Kd8 10. O-O Bb7 11. Qf3 Rb8 12. d3 Qg6 13. Qg3 exd4 14. Re1 Bd6 15. Qxg6 hxg6 16. g3 Ba8 17. Bc4 Kd7 18. Na3 Rh3 19. f3 Rbh8 20. Re2 Bxg3 0-1

[Event "Edmonton int."]
[Site "Edmonton CAN"]
[Date "2009.12.21"]
[Round "8"]
[White "Friedel, Joshua E"]
[Black "Pechenkin, Vladimir"]
[Result "1-0"]
[WhiteElo "2551"]
[BlackElo "2372"]
[PlyCount "53"]
[GameId "2160767910030025"]
[EventDate "2009.12.17"]
[EventType "tourn"]
[EventRounds "9"]
[EventCountry "CAN"]
[EventCategory "7"]
[SourceTitle "CBM 133 Extra"]
[Source "ChessBase"]
[SourceDate "2010.01.05"]
[SourceVersion "1"]
[SourceVersionDate "2010.01.05"]
[SourceQuality "1"]

1. e4 d5 2. exd5 Nf6 3. Nf3 Nxd5 4. d4 g6 5. c4 Nb6 6. c5 Nd5 7. Bc4 c6 8. O-O Bg7 9. Re1 O-O 10. Nc3 b6 11. Bg5 Be6 12. Nxd5 cxd5 13. Bxe7 Qxe7 14. Bxd5 Nc6 15. Bxc6 Rac8 16. d5 bxc5 17. Qb3 Qd6 18. dxe6 Qxc6 19. Ng5 fxe6 20. Rxe6 Qd7 21. Rc6+ Kh8 22. Nf7+ Qxf7 23. Qxf7 Rxc6 24. Qxa7 Bxb2 25. Rb1 Bd4 26. Kh1 Bxf2 27. Qe7 1-0

[Event "Edmonton int."]
[Site "Edmonton CAN"]
[Date "2009.12.21"]
[Round "8.4"]
[White "MacKinnon, Keith"]
[Black "Kraai, Jesse"]
[Result "1-0"]
[WhiteElo "2125"]
[BlackElo "2509"]
[PlyCount "73"]
[GameId "2160767910030028"]
[EventDate "2009.12.17"]
[EventType "tourn"]
[EventRounds "9"]
[EventCountry "CAN"]
[EventCategory "7"]

1. e4 Nf6 2. e5 Nd5 3. c4 Nb6 4. d4 d6 5. exd6 exd6 6. Nc3 Be7 7. h3 O-O 8. Nf3 Bf5 9. Be3 Nc6 10. Rc1 Re8 11. d5 Nb4 12. Nd4 Bg6 13. Be2 c5 14. dxc6 Nxc6 15. O-O Bf6 16. Re1 Rxe3 17. fxe3 Bh4 18. Nxc6 bxc6 19. Rf1 Bg5 20. Rf3 Qe7 21. Qd4 Nd7 22. Rd1 Ne5 23. Qxd6 Nxf3+ 24. Bxf3 Qxe3+ 25. Kh1 h6 26. Qxc6 Rb8 27. c5 Bc2 28. Rf1 Bd3 29. Rd1 Bc2 30. Rf1 Rxb2 31. Nd1 Bxd1 32. Qc8+ Kh7 33. Qf5+ Kg8 34. Be4 f6 35. Qc8+ Kf7 36. Qd7+ Kf8 37. Bg6 1-0

[Event "Edmonton int."]
[Site "Edmonton CAN"]
[Date "2009.12.21"]
[Round "9"]
[White "Haessel, Dale"]
[Black "MacKinnon, Keith"]
[Result "1/2-1/2"]
[WhiteElo "2201"]
[BlackElo "2125"]
[PlyCount "24"]
[GameId "2160767910030029"]
[EventDate "2009.12.17"]
[EventType "tourn"]
[EventRounds "9"]
[EventCountry "CAN"]
[EventCategory "7"]
[SourceTitle "CBM 133 Extra"]
[Source "ChessBase"]
[SourceDate "2010.01.05"]
[SourceVersion "1"]
[SourceVersionDate "2010.01.05"]
[SourceQuality "1"]

1. d4 Nf6 2. c4 b6 3. Nc3 Bb7 4. d5 e6 5. a3 Be7 6. e4 d6 7. f4 exd5 8. cxd5 O-O 9. Nf3 Re8 10. Bd3 Bf8 11. O-O g6 12. Re1 Bg7 1/2-1/2

[Event "Edmonton int."]
[Site "Edmonton CAN"]
[Date "2009.12.21"]
[Round "9"]
[White "Kraai, Jesse"]
[Black "Friedel, Joshua E"]
[Result "1/2-1/2"]
[WhiteElo "2509"]
[BlackElo "2551"]
[PlyCount "123"]
[GameId "2160767910030030"]
[EventDate "2009.12.17"]
[EventType "tourn"]
[EventRounds "9"]
[EventCountry "CAN"]
[EventCategory "7"]
[SourceTitle "CBM 133 Extra"]
[Source "ChessBase"]
[SourceDate "2010.01.05"]
[SourceVersion "1"]
[SourceVersionDate "2010.01.05"]
[SourceQuality "1"]

1. Nf3 Nc6 2. d4 d5 3. c4 Bg4 4. Nc3 e6 5. cxd5 exd5 6. Qb3 Bb4 7. a3 Bxc3+ 8. bxc3 Nge7 9. Bf4 b6 10. e3 O-O 11. Be2 Na5 12. Qa2 c5 13. O-O Rc8 14. h3 Bh5 15. Rac1 Nc4 16. a4 cxd4 17. cxd4 Nc6 18. Bxc4 dxc4 19. Qxc4 Ne5 20. Qxc8 Nxf3+ 21. gxf3 Qxc8 22. Rxc8 Rxc8 23. Kg2 f6 24. a5 g5 25. Bd6 Bg6 26. axb6 axb6 27. Ra1 Bd3 28. Ra7 Rc2 29. Be7 Kf7 30. Bc5+ Kg6 31. Bxb6 Rc1 32. Ra2 h5 33. Rd2 Bf1+ 34. Kh2 Re1 35. Ba5 Ra1 36. Bd8 Re1 37. Rb2 Re2 38. Rxe2 Bxe2 39. Kg3 h4+ 40. Kg2 Bd3 41. Bc7 f5 42. d5 f4 43. exf4 gxf4 44. Bxf4 Bc4 45. d6 Be6 46. Be3 Bd7 47. Bb6 Kf5 48. Bd8 Ke6 49. Bxh4 Kxd6 50. Bd8 Ke5 51. h4 Be8 52. Kf1 Kf5 53. Ke2 Bf7 54. Ke3 Be8 55. Bg5 Bf7 56. Kd4 Bh5 57. f4 Bf7 58. Kc5 Bh5 59. Kd6 Bf3 60. Ke7 Bh5 61. Kf8 Bf3 62. Kg7 1/2-1/2